000 00718nam a2200265Ia 4500
003 OSt
005 20220925183809.0
006 a|||||r|||| 00| 0
007 ta
008 220923b |||||||| |||| 00| 0 eng d
037 _cGeneral Book
040 _aRTL
_cRTL
_beng
041 _2eng
_aeng
082 _aV2.8r, M5/GD
110 _aIndia, Union Public Service Commission
_9259340
245 0 _aReport
260 _aDelhi
_bM O P
_c1985
300 _a117p
_ccm.
490 _v1984-85 (35th) (117p)
650 _a India
_964395
650 _aHistory
700 _aIndia, Union Public Service Commission
_9259341
942 _hV2.8r, M5/GD
_cGB
_2CC
999 _c505878
_d505878